00492nam a2200193 a 4500001001300000003000900013005001700022008004100039020001000080082001300090100002600103245002200129260003000151300000900181500003500190505002000225650002700245700002600272nice12345678IN_TiNIC20260116012221.0050524s1867 lona grp 000 0 eng  ac10000a203bHOO aHook, Walter Farquhar aChurch Dictionary aLondonbJohn Murrayc1867 a807p aincludes index and biblioraphy2 aAppendex, Index aChristianity-Directory1 aHook, Walter Farquhar